03258cam a22003734a 4500999001700000001000900017003000400026005001700030008004100047010001700088020002900105020002600134035002400160040004700184042000800231043001200239050002100251082001500272100001600287245011000303260005100413300003600464504005100500505032600551520105600877520063501933650003302568650002402601650002302625650003402648906004502682942003302727952012402760 c26452d2645216120657OSt20170204115946.0100305s2010 nyua b 001 0 eng  a 2010009546 a9780521769044 (hardback) a0521769043 (hardback) a(OCoLC)ocn544474666 aDLCcDLCdYDXdYDXCPdERASAdCDXdUTOdDLC apcc ae-gr---00aN5633b.C64 201000a709.382221 aCohen, Ada.10aArt in the era of Alexander the Great :bparadigms of manhood and their cultural traditions /cAda Cohen. aNew York :bCambridge University Press,c2010. axxiii, 398 p. :bill. ;c27 cm. aIncludes bibliographical references and index.0 aIntroduction: themes and issues -- Figural mosaics in the House of the Abduction of Helen at Pella: three themes -- Master of lions (and other animals) -- War as hunt, hunt as war -- Rape as hunt, hunt as rape? -- Rape as war, war as rape? -- Abduction and femininity -- Hunt and masculinity -- Epilogue: fixing the pose. a"In this book, Ada Cohen focuses on art produced in Macedonia during the late Classical and early Hellenistic period, which coincides with the reigns of Philip II, his famous son Alexander the Great, and their immediate successors. Although inspired by traditional Greek themes and ideals, this body of artwork articulated specifically Macedonian aspirations. Cohen focuses on three key "masculine" themes - warfare, hunting, and abduction of women - exploring their visual and conceptual interconnections. She demonstrates their preoccupation with the visual celebration of violence and studies the analogies they draw among the ideological categories of "enemy," "animal," and "woman." Simultaneously historical and thematic, Cohen's text is structured around select paintings and mosaics from northern Greek sites, such as Pella and Vergina, and from both secular and funerary contexts. She also examines monuments from other ancient contexts and in other media to illuminate specific questions of style, theme, and meaning"--Provided by publisher. a"Simultaneously historical and thematic, this book studies an important period in Greek art, the late Classical and earely Hellenistic, especially the reigns of Philip II, his famous son Alexander the Great, and their successors. It focuses on the three traditionally "masculine" themes of warfare, hunting, and the abduction of women. All three show a preoccupation with the pictorial celebration of violence and draw analogies among the ideological categories "enemy," "animal," and "women." The book explores the ways in which masculine and feminine identities were usually constructed and communicated"--Provided by publisher. 0aArt, GreekxThemes, motives. 0aMasculinity in art. 0aFemininity in art. 0aIdentity (Psychology) in art. a7bcbccorignewd1eecipf20gy-gencatlg 2lcccBOOKShN 5633 .C64 2010 00102lcc4070aMUCbMUCcTECHd2017-02-04eDonation(B.F.A)l0oN 5633 .C64 2010p34188r2018-06-08w2017-02-04yBOOKS